Tìm hiểu các tác động của việc xây dựng hồ chứa nước trong tỉnh Quảng Ngãi - thực trạng và một số đề xuất.

Khái quát các điều kiện tự nhiên, kinh tế - xã hội huyện Sơn Hà và Tây Trà tỉnh Quảng Ngãi. Phân tích các động của việc xây dựng hồ chứa nước trong đến môi trường tự nhiên. Một số giải pháp nhằm giảm thiểu các tác động đến môi trường tự nhiên trong quá trình thi công và vận hành hồ chứa nước....

Full beskrivning

Sparad:
Bibliografiska uppgifter
Huvudupphovsman: Nguyễn, Thanh phú
Övriga upphovsmän: Đậu, Thị Hòa T.S (Hướng dẫn)
Materialtyp: Bok
Språk:Vietnamese
Publicerad: Đại học Đà Nẵng Trường đại học Sư Phạm 2010
Serie:Khóa luận tốt nghiệp đại học. Chuyên ngành: Cử Nhân Địa lý
Ämnen:
Taggar: Lägg till en tagg
Inga taggar, Lägg till första taggen!
Thư viện lưu trữ: Mạng thư viện Đại học Đà Nẵng
LEADER 01795nam a2200349 4500
001 000011177
003 7410
005 20120202110225.0
008 120202s2010 viesd
041 |a vie 
072 |a Khóa luận tốt nghiệp 
082 |a 363.739  |b NG-P 
100 |a Nguyễn, Thanh phú 
245 |a Tìm hiểu các tác động của việc xây dựng hồ chứa nước trong tỉnh Quảng Ngãi - thực trạng và một số đề xuất.  |c Nguyễn, Thanh phú 
260 |a Đại học Đà Nẵng  |b Trường đại học Sư Phạm  |c 2010 
300 |a 53 tr.  |b Bản đồ + ảnh mhọa  |c 29 cm 
490 |a Khóa luận tốt nghiệp đại học. Chuyên ngành: Cử Nhân Địa lý 
500 |a Tham khảo cuối bài 
520 |a Khái quát các điều kiện tự nhiên, kinh tế - xã hội huyện Sơn Hà và Tây Trà tỉnh Quảng Ngãi. Phân tích các động của việc xây dựng hồ chứa nước trong đến môi trường tự nhiên. Một số giải pháp nhằm giảm thiểu các tác động đến môi trường tự nhiên trong quá trình thi công và vận hành hồ chứa nước. 
653 |a Khóa luận tốt nghiệp đại học 
653 |a Khoa Địa lí 
700 |a Đậu, Thị Hòa  |c T.S  |e Hướng dẫn 
OWN |a LSP 
AVA |a UDN50  |b LSP  |d 363.739 NG-P  |e available  |t Error 5001 Not defined in file expand_doc_bib_avail.  |f 1  |g 0  |h N  |i 0  |k 1 
999 |a From the UDN01 
AVA |a UDN50  |b LSP  |d 363.739 NG-P  |e available  |t Error 5001 Not defined in file expand_doc_bib_avail.  |f 1  |g 0  |h N  |i 0  |k 1 
TYP |a Monograph 
TYP |a Printed language 
980 |a Mạng thư viện Đại học Đà Nẵng